000 00893nam a2200193 4500
999 _c56839
_d56839
005 20190710183053.0
008 190510c2019 ру ||||| |||| 00| 0 рус d
022 _a0131-2227
041 _aрус
245 _aМировая экономика и международные отнoшения :
_b2019 февраль N2(Том63) /
_cГл.ред.:Рябов А.В.
260 _aМосква :
_bРоссийская академия наук,
_c2019.
300 _aV.
653 _aეკონომიკა და საერთაშორისო ურთიერთობები
653 _aМировая экономика и международные отнишения N2(Том63) .февраль 2019.
653 _aпериодика
653 _aპერიოდიკა
700 _aРябов, А.В.
_eГл. редактор
_91014
942 _2udc
_cCR